00855nam a2200229Ia 4500003000900000008004100009020001800050040001600068080001500084100002800099245016600127260003900293300001700332650001600349650002600365650002000391700003700411700002800448942000700476999001700483952012500500IN-BaIIA211028s9999 xx 000 0 eng d a81-7764-475-0 cIIA Library a539.1bFRO aSen Gupta, S. P.936435 0aFrontiers in atomic , molecular and optical physics; vol. 3cS. P Sen Gupta, S. C Mukherjee and S. S. Bhattacharyya  aNew DelhibAllied Publishersc2003 axviii, 429p. aAtoms91137 aNuclear physics91527 aPhysical optics aBhattacharyya, S. S., ed.936436 aMukherjee, S. C.936437 cBK c19084d19084 00104070aBANbBANcGENd2015-07-22g2698.00l0o539.1/ FROp20006r2021-11-05v2698.00w2015-07-22yBKGRs. 2698.00